Condenado a muerte = Shot in the Heart /
Duodécimo largometraje de la directora polaca de cine Agnieszka Holland, producido para la televisión norteamericana y basado en el libro Shot in the Heart, de Mikal Gilmore, testimonio sobre el caso de la condena a muerte de su hermano, Gary Gilmore. En 1976 es probado que Gary asesinó a dos hombre...
Wedi'i Gadw mewn:
| Prif Awdur: | |
|---|---|
| Awduron Eraill: | , , , , , , |
| Fformat: | |
| Iaith: | Saesneg |
| Cyhoeddwyd: |
EUA :
HBO,
2001, c2001
México : Quality Films [distribución], fecha no identificada |
| Pynciau: | |
| Tagiau: |
Dim Tagiau, Byddwch y cyntaf i dagio'r cofnod hwn!
|
MARC
| LEADER | 00000ngm^a2200000^a^4500 | ||
|---|---|---|---|
| 001 | 000168654 | ||
| 005 | 20250521000000.0 | ||
| 009 | 20260310101208.559 | ||
| 037 | |a Acervo ITESO - Biblioteca | ||
| 041 | |a ING | ||
| 082 | |a 810. |b HOL | ||
| 100 | |a Holland, Agnieszka |e (realización) | ||
| 245 | 1 | 0 | |a Condenado a muerte = |b Shot in the Heart / |c Realización de A. Holland. |
| 264 | 4 | |a EUA : |b HBO, |c 2001, c2001 | |
| 264 | 4 | |a México : |b Quality Films [distribución], |c fecha no identificada | |
| 300 | |a 1 videocasete VHS |c (97 min.) | ||
| 336 | |a imagen móvil bidimensional |b tdi |2 rdacontenido | ||
| 337 | |a video |b v |2 rdamedio | ||
| 338 | |a videocasete |b vf |2 rdasoporte | ||
| 500 | |a Basado en: Shot in the Heart, de Mikal Gilmore | ||
| 520 | |a Duodécimo largometraje de la directora polaca de cine Agnieszka Holland, producido para la televisión norteamericana y basado en el libro Shot in the Heart, de Mikal Gilmore, testimonio sobre el caso de la condena a muerte de su hermano, Gary Gilmore. En 1976 es probado que Gary asesinó a dos hombres mormones y un año después, sus hermanos Mikal y Frank viajan a la cárcel de Draper, en Utah, acompañados por un abogado. La sentencia se produce en el contexto de la decisión de la Suprema Corte de Estados Unidos de reinstalar la pena capital, por lo que Gilmore se convertirá en el primer ciudadano norteamericano que recibe esta pena en más de una década y llega a ser motivo de atención nacional. Sin embargo, el preso solicita voluntariamente su muerte, decisión que provoca la estupefacción de su madre y la confusión en sus hermanos. Mikal y Frank viajan con la esperanza de convencer a Gary que cambie de parecer y firme los documentos necesarios para detener la ejecución. | ||
| 546 | |a En inglés, con subtítulos en español | ||
| 649 | |a XX | ||
| 650 | |a Cineastas Polacos | ||
| 650 | |a Asesinos en el Cine | ||
| 650 | |a Asesinos Norteamericanos - |x Biografías - |x Adaptaciones para Cine | ||
| 650 | |a Presos en el Cine | ||
| 650 | |a Presos Norteamericanos - |x Biografías - |x Adaptaciones para Cine | ||
| 650 | |a Dramas Cinematográficos | ||
| 650 | |a Telefilmes | ||
| 650 | |a Cine de Mujeres - |z EUA | ||
| 650 | |a Cine por Televisión - |z EUA | ||
| 650 | |a Cine Norteamericano - |y 2000-2009 | ||
| 650 | |a Cine Norteamericano - |y Siglo XXI | ||
| 650 | |a Asesinato - |z EUA | ||
| 650 | |a Problemas Sociales - |z EUA | ||
| 650 | |a Pena de Muerte - |z Utah, EUA - |x Historia - |y 1974-1977 | ||
| 650 | |a Pena de Muerte - |z Utah, EUA - |x Historia - |y Siglo XX | ||
| 650 | |a Pena de Muerte - |z EUA - |x Historia - |y 1974-1977 - |x Tema Principal | ||
| 650 | |a Pena de Muerte - |z EUA - |x Historia - |y Siglo XX | ||
| 650 | |a Proceso Penal - |z EUA - |x Historia | ||
| 650 | |a Derecho Procesal Penal - |z EUA - |x Historia | ||
| 650 | |a Derecho Penal - |z EUA - |x Historia | ||
| 650 | |a Derecho Público - |z EUA - |x Historia | ||
| 650 | |a Gilmore, Gary - |x Tema Principal | ||
| 700 | |a Pugliese, Frank |e (guión) | ||
| 700 | |a Petrycki, Jacek |e (fotógrafo) | ||
| 700 | |a Eluto, Ken |e (montaje) | ||
| 700 | |a Kaczmarek, Jan A.P. |e (música) | ||
| 700 | |a Ribisi, Giovanni |e (actuación) | ||
| 700 | |a Koteas, Elias |e (actuación) | ||
| 700 | |a Bogosian, Eric |e (actuación) | ||
| 910 | |a Fondo General | ||
| 920 | |a Audiovisuales - Videocasetes | ||
| 940 | |a Películas | ||
| 905 | |a 301 | ||
| 901 | |a 0500088097 |b IT2 |c VIS |u 20250521 | ||
| 902 | |a https://opac.biblio.iteso.mx/vufind/Record/000168654 | ||